Islam y occidente: reflexiones para la convivencia

Saved in:
Bibliografiske detaljer
Main Authors: Eco, Umberto (Author), Camdessus, Michel (Author), Daniel, Jean (Author), Riccardi, Andrea (Author)
Format: Bog
Sprog:spansk
Udgivet: Buenos Aires Sudamericana 2005
Udgivelse:1a. ed
Serier:Ensayo
Fag:
Tags: Tilføj Tag
Ingen Tags, Vær først til at tagge denne postø!

MARC

LEADER 00000nam a2200000 a 4500
001 UCI2969
003 CL-VaPUC
008 071005e20050000AG |||||||||||||||||spa|d
020 |a 9500726270 
082 0 4 |a 320.01  |b ECO  |2 21 
100 0 |a Eco, Umberto  |e author  |9 524242 
700 0 |a Camdessus, Michel  |e author  |9 524243 
700 0 |a Daniel, Jean  |e author  |9 524244 
700 0 |a Riccardi, Andrea  |e author  |9 524245 
245 1 0 |a Islam y occidente: reflexiones para la convivencia 
250 |a 1a. ed 
300 |a 122 p 
942 |c BK 
945 |d 20071005 00:00:00  |a cmena 
260 |a Buenos Aires  |b Sudamericana  |c 2005 
650 7 |a FILOSOFIA POLITICA  |2 CL-VaPUC  |9 524246 
650 0 |a Cambio social   |9 256857 
650 0 |a Globalización  |9 361930 
650 0 |a Filosofía de la religión   |9 256017 
650 0 |a Creencia Religiosa  |9 316904 
650 0 |a Relaciones Internacionales  |9 255740 
650 7 |a ENSAYOS ITALIANOS  |2 CL-VaPUC  |9 313702 
583 |a last modification  |c 20121007 10:36:19  |k Rodrigo Vera 
490 0 |a Ensayo 
999 |c 327374  |d 327372 
952 |0 0  |1 0  |4 0  |6 320_010000000000000_ECO_2005  |7 0  |8 A  |9 410148  |a BIBEDU  |b BIBEDU  |d 2019-11-22  |i 4337123  |o 320.01 ECO 2005  |p 4337123  |r 2019-11-22  |w 2019-11-22  |y BK  |k PSI